La franquicia en el nuevo Código Civil y Comercial y el derecho del trabajo (Registro nro. 29567)

Detalles MARC
000 -LEADER
fixed length control field 00354 a2200109 4500
001 - CONTROL NUMBER
control field ART_37718
005 - DATE AND TIME OF LATEST TRANSACTION
control field 20260410161942.0
008 - FIXED-LENGTH DATA ELEMENTS--GENERAL INFORMATION
fixed length control field 260409a
100 1# - MAIN ENTRY--PERSONAL NAME
Personal name Duarte, David
245 10 - TITLE STATEMENT
Title La franquicia en el nuevo Código Civil y Comercial y el derecho del trabajo
773 0# - HOST ITEM ENTRY
Title Temas de derecho laboral
Related parts - Nº 3 (mar. 2016)
Record control number REV27619

No hay ítems disponibles.